Remarks on the present times, exhibiting the causes of the high price of provisions, and propositions for their reduction, being an introduction to hints and observations on agriculture. By James McPhail.

Bibliographic Details
Main Author: MacPhail, James, active 1785-1805
Format: eBook
Language:English
Series:Eighteenth century collections online.
Online Access:Full text online

MARC

Tag First Indicator Second Indicator Subfields
LEADER 00000cam a2200000 4500
001 in00001875868
006 m | d |
007 cr |n||||||||n
008 790703s1795 enk|||| s 00||||eng d
005 20260413203239.4
035 |a (CStRLIN)ESTCT46827 
040 |a Uk-ES  |c Uk-ES  |d CStRLIN  |d Thomson Gale  |d UtOrBLW 
100 1 |a MacPhail, James,  |d active 1785-1805. 
245 1 0 |a Remarks on the present times, exhibiting the causes of the high price of provisions, and propositions for their reduction, being an introduction to hints and observations on agriculture. By James McPhail. 
264 3 |a London :  |b printed for T. Cadell, Junior, and W. Davies, and Bell and Bradfute, at Edinburgh,  |c 1795. 
300 |a 2 unnumbered pages, 135, 1 unnumbered page, plate ;  |c 8⁰. 
336 |a text  |b txt  |2 rdacontent 
337 |a computer  |b c  |2 rdamedia 
338 |a online resource  |b cr  |2 rdacarrier 
500 |a Reproduction of original from the British Library. 
510 4 |a English Short Title Catalog,  |c ESTCT46827. 
533 |a Electronic reproduction.  |b Farmington Hills, Mich. :  |c Thomson Gale,  |d 2003.  |n Available via the World Wide Web.  |n Access limited by licensing agreements  |7 s2003 miunns 
500 |a Electronic resource. 
830 0 |a Eighteenth century collections online. 
856 4 0 |u http://proxy.library.tamu.edu/login?url=https://galenet.galegroup.com/servlet/ECCO?c=1&stp=Author&ste=11&af=BN&ae=T046827&tiPG=1&dd=0&dc=flc&docNum=CW104291549&vrsn=1.0&srchtp=a&d4=0.33&n=10&SU=0LRL+OR+0LRI&locID=txshracd2898  |z Full text online  |t 0 
999 |a MARS 
999 f f |s e3a07355-8303-3e35-a007-0e5e2501ca77  |i 72558b55-0555-38f0-a793-4287da926e62  |t 0 
952 f f |a Texas A&M University  |b College Station  |c Electronic Resources  |s www_evans  |d Available Online  |t 0  |h No information provided 
998 f f |t 0  |l Available Online